Lisa de los paraguas : (Registro nro. 9888)

Detalles MARC
000 -LEADER
fixed length control field 00759nam a2200289 i 4500
001 - CONTROL NUMBER
control field 09280
003 - CONTROL NUMBER IDENTIFIER
control field DO-SdBNP
005 - DATE AND TIME OF LATEST TRANSACTION
control field 20160421105237.0
007 - PHYSICAL DESCRIPTION FIXED FIELD--GENERAL INFORMATION
fixed length control field 09280
008 - FIXED-LENGTH DATA ELEMENTS--GENERAL INFORMATION
fixed length control field 880120s1997 sp spa
015 ## - NATIONAL BIBLIOGRAPHY NUMBER
National bibliography number
016 7# - NATIONAL BIBLIOGRAPHIC AGENCY CONTROL NUMBER
Record control number
Canceled/invalid record control number
Source BPMSU
017 ## - COPYRIGHT OR LEGAL DEPOSIT NUMBER
Copyright or legal deposit number
Assigning agency
020 ## - INTERNATIONAL STANDARD BOOK NUMBER
International Standard Book Number 950511284X
035 ## - SYSTEM CONTROL NUMBER
System control number
040 ## - CATALOGING SOURCE
Original cataloging agency BPMSU
Language of cataloging spa
Transcribing agency BPMSU
Description conventions
080 #0 - UNIVERSAL DECIMAL CLASSIFICATION NUMBER
Universal Decimal Classification number
100 1# - MAIN ENTRY--PERSONAL NAME
Personal name Bornemann, Elsa Isabel
245 10 - TITLE STATEMENT
Title Lisa de los paraguas :
Remainder of title 15 cuentos para chicos-chicos /
Medium
Statement of responsibility, etc. Elsa Bornemann
260 ## - PUBLICATION, DISTRIBUTION, ETC. (IMPRINT)
Place of publication, distribution, etc. Buenos Aires :
Name of publisher, distributor, etc. Alfaguara
Date of publication, distribution, etc. 1997
Place of manufacture
Manufacturer
300 ## - PHYSICAL DESCRIPTION
Extent 137 p. :
Other physical details il. ;
Dimensions 22 cm.
490 ## - SERIES STATEMENT
Series statement Infantil
500 ## - GENERAL NOTE
General note Para niños desde 7 años
830 ## - SERIES ADDED ENTRY--UNIFORM TITLE
Name of part/section of a work Infantil
942 ## - ADDED ENTRY ELEMENTS (KOHA)
Source of classification or shelving scheme Dewey Decimal Classification
Koha item type Libros
956 ## - LOCAL ELECTRONIC LOCATION AND ACCESS (OCLC)
Host name VMATEO
Access method 10
Materials specified 20160421
Linkage BPMSU
Field link and sequence number 0069
Existencias
Withdrawn status Lost status Source of classification or shelving scheme Damaged status Not for loan Collection code Home library Current library Date acquired Source of acquisition Total Checkouts Barcode Date last seen Price effective from Koha item type
    Dewey Decimal Classification       Biblioteca Pública Metropolitana Salomé Ureña Biblioteca Pública Metropolitana Salomé Ureña 04/21/2016 FUNDI   BPMET16040624 04/21/2016 04/21/2016 Libros